Statistics for Abkhazia Country Quiz

Click here to take the quiz!

General Stats

  • This quiz has been taken 25 times
  • The average score is 6 of 10

Answer Stats

HintAnswer% Correct
Country Abkhazia seeks independence from.Georgia
100%
Largest country that recognizes Abkhazia.Russia
95%
Official LanguagesAbkhaz/Russian
90%
Large sea that Abkhazia borders.Black Sea
81%
Year of the Abkhazian declaration of independence.1992
57%
Capital and largest citySukhumi
57%
Largest religious groupChristianity
33%
Current PresidentAslan Bzhania
14%
Longest river in the territory.Bzyb
14%
Current Prime MinisterAlexander Ankvab
10%

Score Distribution

Percentile by Number Answered

Percent of People with Each Score

Your Score History

You have not taken this quiz